| 000 | 00656cam a22002291 4500 | ||
|---|---|---|---|
| 001 | 6857933 | ||
| 005 | 20180216040124.0 | ||
| 008 | 780110s1924 nyua b 000 0 eng | ||
| 010 | _a 24028604 | ||
| 035 | _a(OCoLC)3549357 | ||
| 040 |
_aDLC _cCCC _dOCoLC _dDLC |
||
| 041 | _aeng | ||
| 042 | _apremarc | ||
| 080 | _a91 MIL | ||
| 082 | _a91 MIL | ||
| 100 | 1 | _a42 | |
| 101 | _aGJEO | ||
| 245 | 1 | 3 |
_aAn introduction to physical geology, _cby William J. Miller; 351 illustrations. |
| 504 | _a"Selected references": p. 10,12-13. | ||
| 906 |
_a7 _bcbc _coclcrpl _du _encip _f19 _gy-gencatlg |
||
| 942 |
_2ddc _cBK |
||
| 999 |
_c42751 _d42751 |
||